MARC

LEADER 00000nam0a2200000 4500
001 317993
005 20231102003030.0
035 |a (RuTPU)RU\TPU\book\343474 
090 |a 317993 
100 |a 20160419d1958 k y0rusy50 ca 
101 0 |a rus 
102 |a RU 
105 |a a z 000zy 
200 1 |a Электронные лампы  |f Н. Ф. Вавилов 
210 |a Москва  |c Воениздат  |d 1958 
215 |a 94 с.  |c схемы 
225 1 |a Радиолокационная техника 
606 1 |a Электронные лампы  |2 stltpush  |3 (RuTPU)RU\TPU\subj\20429  |9 45532 
610 1 |a устройство 
610 1 |a катоды 
610 1 |a аноды 
610 1 |a классификация 
610 1 |a маркировка 
610 1 |a физические свойства 
610 1 |a характеристики 
610 1 |a параметры 
610 1 |a конструкции 
675 |a 621.385  |v 4 
700 1 |a Вавилов  |b Н. Ф.  |g Николай Федорович 
801 1 |a RU  |b 63413507  |c 20160419 
801 2 |a RU  |b 63413507  |c 20160429  |g RCR 
942 |c BK